QUIZ EUROPEJSKICH LIG PIŁKARSKICH - Statystyki

Ogólne statystyki
  • Ten quiz został rozwiązany 156 razy
  • Średni wynik to 8 z 15
Statystyki odpowiedzi
Podpowiedź Odpowiedź % Poprawnych
Piłkarz Bayernu Monachium w młodym wieku, reprezentuje kraj Ameryki Północnej. Davies
88%
Reprezentuje Hiszpanię, gra na pozycji bocznego obrońcy w katalońskim klubie 8 lat Alba
83%
Skończyliśmy kategorię piłkarzy, aby przejść do kategorii trenerów wpisz DALEJ DALEJ
75%
Polski bramkarz, ma nazwisko pewnego zawodu, wiele razy bronił strzały w na bramce w Legii Warszawa Malarz
61%
Jest w wieku 32 lat, gra na pozycji ofensywnej w klubie z Manchesteru. Aguero
49%
Gra na pozycji środkowego obrońcy, reprezentował swój kraj na mistrzostwach świata, kosztował pewien klub ponad 80 mln EUR Maguire
49%
Aktualny selekcjoner reprezentacji Włoch, kiedyś trener Manchesteru City Mancini
49%
Trener który z polską reprezentacją zdobył w eliminacjach do Mistrzostw Europy aż 25 punktów Brzęczek
48%
Jego lepsza noga to lewa, gra w włoskim klubie, do którego przyszedł z Ajaxu. Milik
46%
Najmłodszy trener w historii bundesligi, przez trzy lata trenował Hoffenheim Nagelsmann
43%
Trener który wygrał z niemieckim klubem potrójną koronę Heynckes
40%
Miał wystąpić z reprezentacją Hiszpanii na mundialu 2018 ale kilka dni przed mistrzostwami został zwolniony Lopetegui
40%
Kiedyś bardzo dobry piłkarz, obecnie trener od wielu lat, po nieudanej przygodzie w Monachium poszedł do klubu z Włoch z którego też go zwolnili. Ancelotti
35%
Przez trzy lata grał w Napoli, potem przeszedł do klubu ze stolicy kraju, gra na pozycji środkowego napastnika Cavani
33%
Wiele razy zmieniał barwy w swojej karierze, ale grał tylko w dwóch niemieckich klubach. Hummels
24%
Nie znaleziono quizów pasujących do podanych kryteriów
Rozkład punktacji
Procent ludzi z każdym wynikiem
Percentyl według liczby udzielonych odpowiedzi
Twoja historia wyników
Nie rozwiązałeś tego quizu